[Event "2BLS 1920 SV Worms 1878 - OSG Baden-Bad"]
[Site "?"]
[Date "2019.12.08"]
[Round "6.5"]
[White "Martin, Julian"]
[Black "Ollenberger, Roland"]
[Result "1-0"]
[WhiteElo "2382"]
[BlackElo "2264"]
[PlyCount "107"]
[EventDate "2019.??.??"]

1. e4 c5 2. Nf3 Nc6 3. d4 cxd4 4. Nxd4 e6 5. Nc3 Qc7 6. Qd3 a6 7. Nxc6 bxc6 8.
Qg3 Qxg3 9. hxg3 d5 10. Na4 Rb8 11. exd5 cxd5 12. Bf4 Rb4 13. b3 e5 14. Bd2 Rb8
15. f3 Nf6 16. g4 Bb7 17. g5 Nd7 18. Rh4 Bd6 19. O-O-O Ba3+ 20. Nb2 Ke7 21. Be2
Ra8 22. Rdh1 Nf8 23. Kb1 Bd6 24. g3 Bc6 25. f4 e4 26. Bc3 Rg8 27. Rd1 f6 28.
gxf6+ gxf6 29. Be1 Bc5 30. f5 Rg5 31. g4 Rg7 32. Bc3 Rd8 33. Bxa6 d4 34. Be1
Nd7 35. b4 Ba7 36. b5 Bd5 37. Na4 Bc4 38. Bb4+ Kf7 39. g5 e3 40. gxf6 Kxf6 41.
Nc3 Ne5 42. Ne4+ Kxf5 43. Nd6+ Rxd6 44. Bxd6 e2 45. Rdh1 d3 46. Bc8+ Nd7 47.
Rf4+ Kg5 48. Rxc4 Nb6 49. Rg4+ Kf6 50. Rf4+ Kg5 51. Rf5+ Kg4 52. Rf2+ Kg5 53.
Rg1+ Kh6 54. Rh2# 1-0

[Event "2BLS 1920 SV Worms 1878 - OSG Baden-Bad"]
[Site "?"]
[Date "2019.12.08"]
[Round "6.6"]
[White "Schluchter, Steffen"]
[Black "Schmaltz, Roland"]
[Result "1/2-1/2"]
[WhiteElo "2108"]
[BlackElo "2459"]
[PlyCount "69"]
[EventDate "2019.??.??"]

1. d4 g6 2. Bf4 Bg7 3. e3 d6 4. Nf3 Nd7 5. h3 e5 6. Bh2 Qe7 7. Be2 Ngf6 8. c4
O-O 9. Nc3 b6 10. O-O Bb7 11. Qc2 Rfe8 12. d5 a5 13. a3 Rf8 14. b4 Ne8 15. Nd2
f5 16. e4 Bc8 17. Nb3 Ndf6 18. bxa5 bxa5 19. f3 Bh6 20. Kh1 Nh5 21. c5 Qh4 22.
Bb5 Bf4 23. Ne2 Bxh2 24. Kxh2 Nef6 25. g3 Nxg3 26. Nxg3 f4 27. Nh1 a4 28. Nd2
Bxh3 29. Kg1 Ra5 30. Rab1 Rb8 31. Qc4 Bxf1 32. Qxf1 Qg5+ 33. Kf2 Qh4+ 34. Kg1
Qg5+ 35. Kf2 1/2-1/2

[Event "2BLS 1920 SV Worms 1878 - OSG Baden-Bad"]
[Site "?"]
[Date "2019.12.08"]
[Round "6.7"]
[White "Mutschnik, Illya"]
[Black "Martin, Mike"]
[Result "1/2-1/2"]
[WhiteElo "2384"]
[BlackElo "2147"]
[PlyCount "73"]
[EventDate "2019.??.??"]

1. e4 c5 2. Nf3 e6 3. d4 cxd4 4. Nxd4 Nc6 5. Nc3 Qc7 6. Be3 Nf6 7. Bd3 a6 8.
O-O Ne5 9. h3 Bb4 10. f4 Nc4 11. Bxc4 Qxc4 12. Qd3 Qxd3 13. cxd3 d6 14. Nb3 Bd7
15. e5 dxe5 16. fxe5 Nd5 17. Nxd5 exd5 18. Bc5 Bxc5+ 19. Nxc5 Bc6 20. Rf4 b6
21. Nb3 Bb5 22. Rd4 Ke7 23. a4 Bd7 24. Rc1 Rhc8 25. Rxc8 Rxc8 26. Rb4 Rc6 27.
a5 bxa5 28. Nxa5 Rc1+ 29. Kf2 Bb5 30. d4 Rc2+ 31. Kf3 h5 32. h4 f6 33. exf6+
Kxf6 34. Nb7 g5 35. hxg5+ Kxg5 36. Nd6 Bf1 37. g3 {(=)} 1/2-1/2

[Event "2BLS 1920 SV Worms 1878 - OSG Baden-Bad"]
[Site "?"]
[Date "2019.12.08"]
[Round "6.8"]
[White "Musiolik, David"]
[Black "Kaczmarczyk, Dennis"]
[Result "1/2-1/2"]
[WhiteElo "2126"]
[BlackElo "2448"]
[PlyCount "45"]
[EventDate "2019.??.??"]

1. Nf3 d5 2. g3 c5 3. b3 f6 4. d3 e5 5. Nbd2 Nc6 6. Bg2 Be6 7. O-O Nge7 8. e4
Qd7 9. Re1 d4 10. a4 g5 11. Nf1 Ng6 12. h4 gxh4 13. Nxh4 Nxh4 14. gxh4 Bg4 15.
Bf3 Rg8 16. Ng3 Bd6 17. Kh2 O-O-O 18. Rg1 Be6 19. Bd2 Qe7 20. Kh1 Qd7 21. Nf5
Bxf5 22. exf5 Ne7 23. Bg4 {(=)} 1/2-1/2

[Event "2BLS 1920 SC Emmendingen - SV 1920 Hofh"]
[Site "?"]
[Date "2020.02.08"]
[Round "7.1"]
[White "Bernadskiy, Vitaliy"]
[Black "Sasikiran, Krishnan"]
[Result "1/2-1/2"]
[WhiteElo "2615"]
[BlackElo "2648"]
[PlyCount "30"]
[EventDate "2020.??.??"]

1. e4 e5 2. Nc3 Nf6 3. g3 d5 4. exd5 Nxd5 5. Bg2 Nf6 6. Nf3 Nc6 7. O-O Bc5 8.
d3 h6 9. a3 a5 10. Be3 Bd6 11. d4 O-O 12. dxe5 Nxe5 13. Nxe5 Bxe5 14. Na4 Re8
15. c4 Nd7 1/2-1/2

[Event "2BLS 1920 SC Emmendingen - SV 1920 Hofh"]
[Site "?"]
[Date "2020.02.08"]
[Round "7.2"]
[White "Bauer, Christian"]
[Black "Sumets, Andrey"]
[Result "1/2-1/2"]
[WhiteElo "2630"]
[BlackElo "2543"]
[PlyCount "26"]
[EventDate "2020.??.??"]

1. c4 c6 2. Nf3 d5 3. e3 Nf6 4. Nc3 a6 5. Qc2 g6 6. b3 Bg7 7. Bb2 O-O 8. Be2
Re8 9. O-O e5 10. d4 exd4 11. exd4 Bf5 12. Bd3 Bxd3 13. Qxd3 Nbd7 1/2-1/2

[Event "2BLS 1920 SC Emmendingen - SV 1920 Hofh"]
[Site "?"]
[Date "2020.02.08"]
[Round "7.3"]
[White "Ginsburg, Gennadi"]
[Black "Baklan, Vladimir"]
[Result "1/2-1/2"]
[WhiteElo "2406"]
[BlackElo "2589"]
[PlyCount "57"]
[EventDate "2020.??.??"]

1. d4 Nf6 2. Nf3 e6 3. c4 Bb4+ 4. Nbd2 O-O 5. e3 d5 6. a3 Be7 7. Bd3 Nbd7 8. b4
a5 9. b5 c5 10. O-O b6 11. Bb2 Bb7 12. Ne5 Nxe5 13. dxe5 Ne4 14. Nxe4 dxe4 15.
Be2 Qxd1 16. Rfxd1 Rad8 17. g3 f5 18. exf6 Bxf6 19. Bxf6 gxf6 20. Rxd8 Rxd8 21.
Rd1 Rxd1+ 22. Bxd1 f5 23. g4 Kg7 24. Kg2 Bc8 25. Kg3 e5 26. gxf5 Bxf5 27. Be2
Be6 28. Kh4 h6 29. Bf1 1/2-1/2

[Event "2BLS 1920 SC Emmendingen - SV 1920 Hofh"]
[Site "?"]
[Date "2020.02.08"]
[Round "7.4"]
[White "Hera, Imre Jr"]
[Black "Womacka, Mathias"]
[Result "1/2-1/2"]
[WhiteElo "2621"]
[BlackElo "2429"]
[PlyCount "83"]
[EventDate "2020.??.??"]

1. Nf3 c5 2. c4 Nf6 3. Nc3 e6 4. e3 Nc6 5. d4 d5 6. cxd5 exd5 7. Bb5 cxd4 8.
Nxd4 Bd7 9. O-O Bd6 10. Be2 O-O 11. Nf3 Bg4 12. h3 Bh5 13. b3 Rc8 14. Bb2 Re8
15. Nh4 Bg6 16. Nxg6 hxg6 17. Nb5 Bb8 18. Bg4 Nxg4 19. Qxg4 a6 20. Nd4 Ne5 21.
Qe2 Qh4 22. Rac1 Qe4 23. Rxc8 Rxc8 24. Rd1 Ba7 25. Qd2 g5 26. f3 Qg6 27. Qb4
Rc7 28. Qa5 Rd7 29. Qc3 Nc6 30. Nf5 f6 31. g4 Qe8 32. Kg2 Qe6 33. Qd2 Rd8 34.
Nd4 Nxd4 35. Bxd4 Bb8 36. Qb4 Rc8 37. Rd2 b5 38. a4 Bd6 39. Qa5 Bc7 40. Qb4 Bd6
41. Qa5 Bc7 42. Qb4 1/2-1/2

[Event "2BLS 1920 SC Emmendingen - SV 1920 Hofh"]
[Site "?"]
[Date "2020.02.08"]
[Round "7.5"]
[White "Gurevich, Vladimir"]
[Black "Shevchenko, Kirill"]
[Result "1/2-1/2"]
[WhiteElo "2471"]
[BlackElo "2580"]
[PlyCount "52"]
[EventDate "2020.??.??"]

1. e4 c5 2. Nf3 d6 3. d4 cxd4 4. Nxd4 Nf6 5. Nc3 a6 6. a4 e5 7. Nf3 Be7 8. Bc4
Be6 9. Bb3 O-O 10. O-O Nc6 11. Bg5 Nd7 12. Bxe7 Qxe7 13. Nd5 Qd8 14. c3 Rc8 15.
Re1 Ne7 16. Ba2 Nxd5 17. Bxd5 Bxd5 18. Qxd5 Qb6 19. Nd2 Nf6 20. Qd3 Rc5 21. b4
Rcc8 22. c4 a5 23. bxa5 Qxa5 24. Reb1 Qa7 25. Qe3 Ra8 26. Qb6 Rfb8 1/2-1/2

[Event "2BLS 1920 SC Emmendingen - SV 1920 Hofh"]
[Site "?"]
[Date "2020.02.08"]
[Round "7.6"]
[White "Korpa, Bence"]
[Black "Zude, Arno"]
[Result "1-0"]
[WhiteElo "2541"]
[BlackElo "2363"]
[PlyCount "69"]
[EventDate "2020.??.??"]

1. Nf3 d5 2. g3 c6 3. Bg2 Bg4 4. O-O e6 5. c4 Nd7 6. cxd5 cxd5 7. Nc3 Ne7 8.
Qb3 Nc5 9. Qb5+ Nc6 10. Ne5 a6 11. Nxc6 axb5 12. Nxd8 b4 13. Nxb7 Nxb7 14. h3
Bh5 15. g4 Bg6 16. Nb5 Ra5 17. Nd4 h5 18. g5 Bd6 19. d3 O-O 20. Nb3 Ra6 21. e4
dxe4 22. dxe4 Nc5 23. Be3 Nxe4 24. Rfd1 Be7 25. Bxe4 Bxe4 26. Bc5 Bc2 27. Bxe7
Bxd1 28. Rxd1 Rb8 29. Nc1 Rb7 30. Bc5 Ra5 31. Be3 e5 32. g6 fxg6 33. h4 Kf7 34.
f3 Ke6 35. Nb3 1-0

[Event "2BLS 1920 SC Emmendingen - SV 1920 Hofh"]
[Site "?"]
[Date "2020.02.08"]
[Round "7.7"]
[White "Daub, Wolfgang"]
[Black "Sokolov, Andrei"]
[Result "0-1"]
[WhiteElo "2054"]
[BlackElo "2490"]
[PlyCount "54"]
[EventDate "2020.??.??"]

1. d4 Nf6 2. Bg5 e6 3. e4 h6 4. Bxf6 Qxf6 5. Nf3 d5 6. Nc3 Bb4 7. Bd3 c5 8. O-O
O-O 9. Nb5 a6 10. c3 axb5 11. cxb4 c4 12. e5 Qe7 13. Bb1 Nc6 14. Qc2 g6 15. Qd2
Kg7 16. a3 Nxb4 17. Bxg6 fxg6 18. Qxb4 Qxb4 19. axb4 Ra4 20. Rxa4 bxa4 21. Ra1
Bd7 22. Kf1 Bb5 23. Ke1 g5 24. h3 Rf4 25. Ra3 Be8 26. g3 Re4+ 27. Re3 c3 0-1

[Event "2BLS 1920 SC Emmendingen - SV 1920 Hofh"]
[Site "?"]
[Date "2020.02.08"]
[Round "7.8"]
[White "Lodici, Lorenzo"]
[Black "Bajorski, Marius"]
[Result "1-0"]
[WhiteElo "2492"]
[BlackElo "1937"]
[PlyCount "43"]
[EventDate "2020.??.??"]

1. d4 e6 2. c4 b6 3. e4 Bb7 4. Bd3 Nc6 5. Ne2 Nb4 6. Nbc3 Nxd3+ 7. Qxd3 d6 8.
d5 Qd7 9. h4 g6 10. h5 Bg7 11. Be3 Ne7 12. O-O-O O-O-O 13. f3 exd5 14. cxd5 f5
15. Nf4 fxe4 16. fxe4 Bxc3 17. Qxc3 Qa4 18. Ne6 c5 19. dxc6 Nxc6 20. hxg6 Qxe4
21. Nxd8 Rxd8 22. gxh7 1-0

[Event "2BLS 1920 OSG Baden-Baden II - SC Heuse"]
[Site "?"]
[Date "2020.02.08"]
[Round "7.1"]
[White "Michalik, Peter"]
[Black "Gozzoli, Yannick"]
[Result "1/2-1/2"]
[WhiteElo "2582"]
[BlackElo "2604"]
[PlyCount "41"]
[EventDate "2020.??.??"]

1. d4 d5 2. c4 c6 3. Nf3 Nf6 4. Nc3 e6 5. Bg5 h6 6. Bxf6 Qxf6 7. Qb3 Qe7 8. e3
g6 9. Rc1 dxc4 10. Bxc4 Bg7 11. O-O Nd7 12. e4 O-O 13. e5 b6 14. Bd3 Bb7 15.
Be4 Rab8 16. Qa4 a6 17. Ne2 Rfc8 18. Rc3 b5 19. Qa5 c5 20. Bxb7 Rxb7 21. Rfc1
1/2-1/2

[Event "2BLS 1920 OSG Baden-Baden II - SC Heuse"]
[Site "?"]
[Date "2020.02.08"]
[Round "7.2"]
[White "Dann, Matthias"]
[Black "Krejci, Jan"]
[Result "1/2-1/2"]
[WhiteElo "2513"]
[BlackElo "2559"]
[PlyCount "39"]
[EventDate "2020.??.??"]

1. e4 e5 2. Nf3 Nc6 3. Bb5 a6 4. Ba4 Nf6 5. O-O Be7 6. Re1 b5 7. Bb3 O-O 8. a4
b4 9. d4 d6 10. dxe5 Nxe5 11. Nbd2 Nxf3+ 12. Nxf3 Bb7 13. e5 Nd7 14. Bf4 Bxf3
15. Qxf3 dxe5 16. Bxe5 Nxe5 17. Rxe5 Bf6 18. Re4 c5 19. Rd1 Qc7 20. Rde1
1/2-1/2

[Event "2BLS 1920 OSG Baden-Baden II - SC Heuse"]
[Site "?"]
[Date "2020.02.08"]
[Round "7.3"]
[White "Sadzikowski, Daniel"]
[Black "Bellahcene, Bilel"]
[Result "1/2-1/2"]
[WhiteElo "2514"]
[BlackElo "2510"]
[PlyCount "29"]
[EventDate "2020.??.??"]

1. d4 Nf6 2. c4 e6 3. g3 d5 4. Bg2 Bb4+ 5. Nd2 O-O 6. Ngf3 dxc4 7. Qc2 Nc6 8.
O-O Nxd4 9. Nxd4 Qxd4 10. Nxc4 Qd8 11. Rd1 Qe7 12. a3 Bd6 13. Nxd6 cxd6 14. Bg5
Rd8 15. Rac1 1/2-1/2

[Event "2BLS 1920 OSG Baden-Baden II - SC Heuse"]
[Site "?"]
[Date "2020.02.08"]
[Round "7.4"]
[White "Halkias, Stelios"]
[Black "Polak, Tomas"]
[Result "1/2-1/2"]
[WhiteElo "2564"]
[BlackElo "2554"]
[PlyCount "51"]
[EventDate "2020.??.??"]

1. Nf3 Nf6 2. c4 e6 3. g3 d5 4. Bg2 Be7 5. d4 O-O 6. O-O Nbd7 7. Qc2 c6 8. Nbd2
b6 9. e4 Bb7 10. e5 Ne8 11. cxd5 cxd5 12. Re1 Qc8 13. Qd1 Ba6 14. Nb1 Nc7 15.
h4 Nb8 16. Bg5 Qd7 17. Nc3 Nc6 18. Rc1 Rfc8 19. Nh2 Bf8 20. Ng4 Ne8 21. h5 h6
22. Bf4 Nb4 23. Bf1 Bxf1 24. Rxf1 Nc6 25. Rc2 Na5 26. Ne3 1/2-1/2

[Event "2BLS 1920 OSG Baden-Baden II - SC Heuse"]
[Site "?"]
[Date "2020.02.08"]
[Round "7.5"]
[White "Wieczorek, Oskar"]
[Black "Riff, Jean-Noel"]
[Result "1/2-1/2"]
[WhiteElo "2499"]
[BlackElo "2506"]
[PlyCount "61"]
[EventDate "2020.??.??"]

1. e4 e5 2. Nf3 Nc6 3. Bb5 a6 4. Ba4 Nf6 5. O-O Be7 6. Re1 b5 7. Bb3 d6 8. c3
O-O 9. h3 Bb7 10. d4 Re8 11. Ng5 Rf8 12. Nf3 Re8 13. Nbd2 Bf8 14. a3 h6 15. d5
Ne7 16. Nh2 Qd7 17. Qf3 Nh7 18. Ndf1 f5 19. exf5 Qxf5 20. Qxf5 Nxf5 21. Ne3 Ne7
22. Rd1 Nf6 23. a4 Kh7 24. a5 g6 25. Nhg4 Nd7 26. Nc2 h5 27. Nge3 Bh6 28. Nb4
Nc5 29. Bc2 Rf8 30. Nf1 Nd7 31. Rb1 1/2-1/2

[Event "2BLS 1920 OSG Baden-Baden II - SC Heuse"]
[Site "?"]
[Date "2020.02.08"]
[Round "7.6"]
[White "Martin, Julian"]
[Black "Poetsch, Hagen"]
[Result "1/2-1/2"]
[WhiteElo "2389"]
[BlackElo "2531"]
[PlyCount "119"]
[EventDate "2020.??.??"]

1. e4 c5 2. Nf3 d6 3. Nc3 a6 4. g3 g6 5. d4 cxd4 6. Nxd4 Bg7 7. Bg2 Nf6 8. O-O
O-O 9. h3 Nc6 10. Nde2 Bd7 11. a4 Rb8 12. Nd5 Nxd5 13. exd5 Na5 14. Ra2 e5 15.
dxe6 Bxe6 16. b3 Nc6 17. c4 Qd7 18. Nf4 Be5 19. Nxe6 fxe6 20. Rd2 Rfd8 21. Ba3
Qc7 22. Kh2 d5 23. cxd5 exd5 24. f4 Bf6 25. Rxd5 Nd4 26. Bc5 Nf5 27. g4 b6 28.
gxf5 bxc5 29. fxg6 hxg6 30. Qc2 Qf7 31. Rxc5 Kg7 32. Rf3 Rd7 33. Rg3 Rbd8 34.
Qc4 Qxc4 35. Rxc4 Rd4 36. Be4 Rxc4 37. bxc4 g5 38. Bd5 Kh7 39. Re3 gxf4 40. Re6
Bd4 41. Rxa6 Rb8 42. Be4+ Kg7 43. Kg2 Rb3 44. Rg6+ Kf7 45. Rg5 Be3 46. Rf5+ Ke6
47. Rb5 Ra3 48. Bd5+ Kd6 49. a5 Bc5 50. h4 Rg3+ 51. Kh2 Rg4 52. h5 Rh4+ 53. Kg2
Rxh5 54. Kf3 Be3 55. a6 Rh1 56. Bb7 Rc1 57. Rb4 Ra1 58. Rb5 Ra4 59. Rd5+ Kc7
60. c5 1/2-1/2

[Event "2BLS 1920 OSG Baden-Baden II - SC Heuse"]
[Site "?"]
[Date "2020.02.08"]
[Round "7.7"]
[White "Klekowski, Maciej"]
[Black "Schmaltz, Roland"]
[Result "1/2-1/2"]
[WhiteElo "2507"]
[BlackElo "2447"]
[PlyCount "27"]
[EventDate "2020.??.??"]

1. c4 c5 2. Nc3 Nc6 3. g3 g6 4. Bg2 Bg7 5. d3 e6 6. e4 d6 7. Nge2 Nge7 8. h4 h5
9. a3 b6 10. Be3 Bb7 11. f4 Qd7 12. O-O O-O 13. Rb1 Rad8 14. b4 1/2-1/2

[Event "2BLS 1920 OSG Baden-Baden II - SC Heuse"]
[Site "?"]
[Date "2020.02.08"]
[Round "7.8"]
[White "Trifan, Andrei Ioan"]
[Black "Barski, Radoslaw"]
[Result "0-1"]
[WhiteElo "2253"]
[BlackElo "2444"]
[PlyCount "68"]
[EventDate "2020.??.??"]

1. e4 e5 2. Nf3 Nc6 3. Bb5 a6 4. Ba4 Nf6 5. O-O b5 6. Bb3 Bb7 7. d3 Be7 8. Nc3
O-O 9. Bd2 Nd4 10. Nxd4 exd4 11. Nd5 Nxd5 12. Bxd5 c6 13. Bb3 c5 14. Qh5 Rc8
15. Bd5 g6 16. Qf3 Bxd5 17. exd5 Bg5 18. Bf4 Qf6 19. Bg3 Qxf3 20. gxf3 f5 21.
Bd6 Rfe8 22. Rfe1 Rxe1+ 23. Rxe1 Kf7 24. c4 dxc3 25. bxc3 c4 26. d4 Re8 27.
Rxe8 Kxe8 28. f4 Be7 29. Bxe7 Kxe7 30. a3 Kd6 31. f3 Kxd5 32. Kf2 a5 33. Ke3
Kc6 34. Kd2 b4 0-1

[Event "2BLS 1920 Stuttgarter SF - SC Eppingen"]
[Site "?"]
[Date "2020.02.08"]
[Round "7.1"]
[White "Noe, Christopher"]
[Black "Schitco, Ivan"]
[Result "0-1"]
[WhiteElo "2517"]
[BlackElo "2458"]
[PlyCount "122"]
[EventDate "2020.??.??"]

1. d4 d5 2. c4 dxc4 3. e4 Nf6 4. e5 Nd5 5. Bxc4 Nb6 6. Bd3 Nc6 7. Ne2 Bg4 8. f3
Bh5 9. Nbc3 e6 10. Be3 Bg6 11. Be4 Bxe4 12. fxe4 Be7 13. O-O Bg5 14. Qc1 Bxe3+
15. Qxe3 Qe7 16. Qg3 g6 17. Qf4 Rf8 18. Qf6 Qxf6 19. Rxf6 Ke7 20. Rd1 Rad8 21.
Kf2 Nb8 22. Rf3 c5 23. dxc5 Nc4 24. Rxd8 Rxd8 25. Na4 Nc6 26. Rb3 Rd7 27. Rc3
N4xe5 28. h3 h5 29. a3 h4 30. Ke3 g5 31. b4 a6 32. Nb6 Rd8 33. Nc4 Nxc4+ 34.
Rxc4 g4 35. hxg4 Ne5 36. Rd4 Rg8 37. a4 Nxg4+ 38. Kf3 Ne5+ 39. Kf2 Rc8 40. Rd6
a5 41. Rb6 axb4 42. Rxb7+ Kf6 43. Ke3 Rxc5 44. Rxb4 Rc2 45. Rb5 Ra2 46. Nf4
Ng4+ 47. Kf3 Nh2+ 48. Ke3 Rxa4 49. Nh5+ Kg6 50. Nf4+ Kg7 51. Nh5+ Kh6 52. Nf6
Kg6 53. Nd7 Ra3+ 54. Kf4 f6 55. Rb6 h3 56. Rb2 e5+ 57. Nxe5+ fxe5+ 58. Kxe5
Ng4+ 59. Kf4 h2 60. Rb6+ Nf6 61. Rb1 Nh5+ 0-1

[Event "2BLS 1920 Stuttgarter SF - SC Eppingen"]
[Site "?"]
[Date "2020.02.08"]
[Round "7.2"]
[White "Macovei, Andrei"]
[Black "Mesaros, Florian"]
[Result "0-1"]
[WhiteElo "2457"]
[BlackElo "2403"]
[PlyCount "44"]
[EventDate "2020.??.??"]

1. e4 c5 2. Nf3 d6 3. d4 cxd4 4. Nxd4 Nf6 5. Nc3 a6 6. f3 e5 7. Nb3 Be6 8. Be3
Be7 9. Qd2 Nbd7 10. g4 b5 11. g5 b4 12. gxf6 bxc3 13. Qxc3 Nxf6 14. O-O-O Rc8
15. Qd2 O-O 16. Bxa6 Ra8 17. Qe2 Qc7 18. Kb1 d5 19. exd5 Nxd5 20. Bb5 Nxe3 21.
Qxe3 Rxa2 22. Kxa2 Qxc2 0-1

[Event "2BLS 1920 Stuttgarter SF - SC Eppingen"]
[Site "?"]
[Date "2020.02.08"]
[Round "7.3"]
[White "Ruck, Robert"]
[Black "Kvetny, Mark"]
[Result "1/2-1/2"]
[WhiteElo "2537"]
[BlackElo "2420"]
[PlyCount "39"]
[EventDate "2020.??.??"]

1. c4 b6 2. Nc3 Bb7 3. d4 e6 4. a3 Nf6 5. Nf3 g6 6. Qc2 Bg7 7. e4 O-O 8. Bd3 d5
9. cxd5 exd5 10. e5 Nfd7 11. h4 c5 12. h5 cxd4 13. hxg6 fxg6 14. Bxg6 hxg6 15.
Qxg6 Rxf3 16. Qh7+ Kf7 17. Qh5+ Kg8 18. Qh7+ Kf7 19. Qh5+ Kg8 20. Qh7+ 1/2-1/2

[Event "2BLS 1920 Stuttgarter SF - SC Eppingen"]
[Site "?"]
[Date "2020.02.08"]
[Round "7.4"]
[White "Neyman, Igor"]
[Black "Medvegy, Zoltan"]
[Result "1/2-1/2"]
[WhiteElo "2349"]
[BlackElo "2532"]
[PlyCount "131"]
[EventDate "2020.??.??"]

1. d4 e6 2. c4 f5 3. g3 Nf6 4. Bg2 d5 5. Nf3 c6 6. b3 Bd6 7. O-O Qe7 8. Bb2 O-O
9. Nbd2 Nbd7 10. Qc2 Ne4 11. Ne5 Nxe5 12. dxe5 Bc5 13. e3 Bd7 14. Bd4 Bb4 15.
Nb1 c5 16. Bb2 dxc4 17. bxc4 Bc6 18. a3 Ba5 19. f3 Ng5 20. Bc3 Bc7 21. Nd2 Qe8
22. Qd1 Rd8 23. Qe2 Qh5 24. Rae1 Nf7 25. f4 Qxe2 26. Rxe2 Bxg2 27. Kxg2 Rd3 28.
Rc1 g5 29. Nf3 h6 30. Kf2 Kh7 31. Rd2 Rxd2+ 32. Nxd2 Rd8 33. Ke2 Kg6 34. Rb1 b6
35. a4 Rd7 36. a5 Nd8 37. axb6 axb6 38. Ra1 Nc6 39. Ra8 Rd8 40. Rxd8 Bxd8 41.
h3 h5 42. Nb1 h4 43. Kf3 hxg3 44. Kxg3 Kh5 45. Kg2 Nb4 46. Na3 Nd3 47. Bd2 g4
48. Nb5 Nb2 49. Nd6 Bh4 50. Bc3 Nd1 51. Bd2 Bf2 52. e4 fxe4 53. Nxe4 Bh4 54.
Nd6 gxh3+ 55. Kxh3 Nf2+ 56. Kg2 Kg4 57. Nc8 Ne4 58. Be3 Bd8 59. Nd6 Ng3 60. Nf7
Nf5 61. Bxc5 bxc5 62. Nxd8 Nd4 63. Nb7 Nb3 64. Nd8 Kxf4 65. Nxe6+ Kxe5 66. Nxc5
1/2-1/2

[Event "2BLS 1920 Stuttgarter SF - SC Eppingen"]
[Site "?"]
[Date "2020.02.08"]
[Round "7.5"]
[White "Guliyev, Namig"]
[Black "Strunski, Andreas"]
[Result "1-0"]
[WhiteElo "2537"]
[BlackElo "2329"]
[PlyCount "61"]
[EventDate "2020.??.??"]

1. e4 c5 2. Nf3 e6 3. d4 cxd4 4. Nxd4 a6 5. Bd3 Nc6 6. Nxc6 dxc6 7. O-O e5 8.
Nd2 Bc5 9. Nc4 Qe7 10. Qh5 Bd6 11. Bg5 Nf6 12. Qh4 Bc7 13. f4 exf4 14. Kh1 Qc5
15. Bxf4 Bxf4 16. Qxf4 O-O 17. e5 Nh5 18. Qh4 g6 19. Rae1 a5 20. Nd6 Qb4 21. c4
Be6 22. g4 Qd2 23. Rd1 Qxb2 24. gxh5 Qxe5 25. Ne4 Kg7 26. Ng5 h6 27. Nxe6+ Qxe6
28. Qd4+ Kg8 29. hxg6 fxg6 30. Bxg6 Rad8 31. Bf7+ 1-0

[Event "2BLS 1920 Stuttgarter SF - SC Eppingen"]
[Site "?"]
[Date "2020.02.08"]
[Round "7.6"]
[White "Vyval, Volodymyr"]
[Black "Hacker, Jonas"]
[Result "0-1"]
[WhiteElo "2237"]
[BlackElo "2352"]
[PlyCount "74"]
[EventDate "2020.??.??"]

1. e4 c5 2. Nf3 e6 3. g3 Nc6 4. Nc3 Nf6 5. Bg2 d5 6. exd5 exd5 7. d4 Bg4 8. Ne2
Bd6 9. O-O O-O 10. dxc5 Bxc5 11. c3 Re8 12. h3 Bxf3 13. Bxf3 Ne4 14. Kg2 Ne5
15. Nd4 Qd7 16. Be2 a6 17. Bf4 Rad8 18. Bxe5 Rxe5 19. Bg4 Qd6 20. h4 Qb6 21.
Nf3 Ree8 22. Qc2 Qg6 23. Ng5 h6 24. Nxe4 dxe4 25. Be2 Qc6 26. Rad1 b5 27. Rxd8
Rxd8 28. Rd1 Re8 29. Bg4 Qf6 30. Rd5 Re5 31. Rxe5 Qxe5 32. Qd2 h5 33. Bd1 g6
34. Bb3 Qf5 35. Bc2 Qf3+ 36. Kf1 e3 37. Qe1 e2+ 0-1

[Event "2BLS 1920 Stuttgarter SF - SC Eppingen"]
[Site "?"]
[Date "2020.02.08"]
[Round "7.7"]
[White "Gibicar, Danijel"]
[Black "Beyer, Christian"]
[Result "0-1"]
[WhiteElo "2254"]
[BlackElo "2282"]
[PlyCount "78"]
[EventDate "2020.??.??"]

1. e4 c5 2. Nf3 e6 3. Nc3 d6 4. d4 cxd4 5. Nxd4 Nf6 6. g4 h6 7. h3 Nc6 8. Bg2
Bd7 9. Be3 Ne5 10. Qe2 Rc8 11. Rd1 Nc4 12. Bc1 Qb6 13. b3 Qb4 14. O-O Qxc3 15.
bxc4 Qxc4 16. Qe3 Be7 17. Ba3 b5 18. e5 dxe5 19. Bxe7 Kxe7 20. Qxe5 Qc5 21. Qe3
Rhd8 22. Bb7 Rc7 23. Bf3 Kf8 24. h4 Rdc8 25. g5 Ng8 26. g6 e5 27. gxf7 Nf6 28.
Ne2 Qxe3 29. fxe3 Rxc2 30. Ng3 Bh3 31. Rfe1 Kxf7 32. Ne4 Nxe4 33. Bxe4 R2c5 34.
Kh2 Be6 35. Rf1+ Ke7 36. Rf2 Rc4 37. Bf5 Bxf5 38. Rxf5 Ke6 39. Rh5 Rc2+ 0-1

[Event "2BLS 1920 Stuttgarter SF - SC Eppingen"]
[Site "?"]
[Date "2020.02.08"]
[Round "7.8"]
[White "Fritsch, Rolf"]
[Black "Cofmann, Veaceslav"]
[Result "0-1"]
[WhiteElo "2158"]
[BlackElo "2278"]
[PlyCount "80"]
[EventDate "2020.??.??"]

1. d4 d5 2. Nf3 Nf6 3. c4 c6 4. g3 g6 5. Bg2 Bg7 6. b3 Be6 7. cxd5 cxd5 8. O-O
Nc6 9. Bb2 O-O 10. Nc3 Ne4 11. Ne5 Nxc3 12. Bxc3 Qd6 13. Nxc6 Qxc6 14. Bb4 Qd7
15. Qd2 Rac8 16. Rfc1 Bf6 17. e3 Bh3 18. Bh1 h5 19. a4 h4 20. Qe2 hxg3 21. hxg3
a6 22. Qf3 Be6 23. Qd1 Kg7 24. Rxc8 Rxc8 25. Rc1 Rh8 26. Ba5 Bf5 27. Bg2 Qe6
28. Bd2 g5 29. Rc5 Be4 30. Qf1 g4 31. f3 gxf3 32. Bxf3 Bg5 33. Qg2 Qh6 34. Bxe4
Bxe3+ 35. Kf1 dxe4 36. Qxe4 Bxd2 37. Qe5+ Qf6+ 38. Ke2 Qxe5+ 39. dxe5 Bb4 40.
Rc4 a5 0-1

[Event "2BLS 1920 TSV Schönaich - SV 1947 Wall"]
[Site "?"]
[Date "2020.02.08"]
[Round "7.1"]
[White "Aczel, Gergely"]
[Black "Bosiocic, Marin"]
[Result "1/2-1/2"]
[WhiteElo "2506"]
[BlackElo "2635"]
[PlyCount "123"]
[EventDate "2020.??.??"]

1. d4 Nf6 2. c4 c5 3. d5 e6 4. Nc3 exd5 5. cxd5 d6 6. e4 g6 7. f3 Bg7 8. Bg5 h6
9. Be3 O-O 10. Qd2 h5 11. Bh6 Nbd7 12. Bxg7 Kxg7 13. Nh3 a6 14. a4 Qa5 15. Be2
c4 16. Nf2 Nc5 17. Nb1 Qd8 18. Bxc4 Bd7 19. a5 b5 20. axb6 Qxb6 21. b4 Na4 22.
Bb3 a5 23. Rxa4 Bxa4 24. Bxa4 axb4 25. Bb3 Nd7 26. O-O Kg8 27. Kh1 Nc5 28. Qd4
Qa6 29. Bc4 Qa1 30. Qxa1 Rxa1 31. Nd3 Rc8 32. Nxc5 Rxc5 33. Bd3 b3 34. Kg1 Rc2
35. h4 Kg7 36. g3 Kf6 37. f4 Ke7 38. e5 Rc5 39. exd6+ Kxd6 40. Kf2 b2 41. Rd1
Rc1 42. Ke2 f5 43. Kd2 Rxd1+ 44. Kxd1 Kxd5 45. Kc2 Kd4 46. Kd2 Ra2 47. Bc2 Ra7
48. Nc3 Rd7 49. Nb1 Kc4+ 50. Ke2 Kb4 51. Ke3 Re7+ 52. Kd2 Re8 53. Bd3 Rd8 54.
Ke2 Rd7 55. Nd2 Rd8 56. Nb1 Re8+ 57. Kd2 Rc8 58. Bc2 Rd8+ 59. Ke3 Kc4 60. Ke2
Re8+ 61. Kd2 Kb4 62. Bd3 1/2-1/2

[Event "2BLS 1920 TSV Schönaich - SV 1947 Wall"]
[Site "?"]
[Date "2020.02.08"]
[Round "7.2"]
[White "Krassowizkij, Jaroslaw"]
[Black "Gschnitzer, Adrian"]
[Result "1/2-1/2"]
[WhiteElo "2465"]
[BlackElo "2396"]
[PlyCount "73"]
[EventDate "2020.??.??"]

1. e4 c6 2. d4 d5 3. e5 Bf5 4. h4 h5 5. Bd3 Bxd3 6. Qxd3 Qa5+ 7. Nd2 e6 8. Ngf3
Qa6 9. c4 dxc4 10. Nxc4 Nd7 11. Bg5 Nb6 12. b3 Nh6 13. O-O Nf5 14. Qc2 Nd5 15.
Ne3 g6 16. Bf6 Nxf6 17. exf6 O-O-O 18. Rad1 Qa5 19. Ng5 Qc7 20. Nxf5 gxf5 21.
d5 exd5 22. Qxf5+ Kb8 23. Rfe1 Bb4 24. Re3 Rhe8 25. Rxe8 Rxe8 26. Qh7 Bc3 27.
Qxh5 Bxf6 28. Nxf7 Rg8 29. Ng5 Bxg5 30. hxg5 Qe5 31. Qh2 Rxg5 32. Re1 Qxh2+ 33.
Kxh2 Kc7 34. f4 Rg7 35. Kh3 Kd6 36. g4 Re7 37. Rxe7 1/2-1/2